Bibliography of published research of the World Employment Programme
Αποθηκεύτηκε σε:
| Συγγραφή απο Οργανισμό/Αρχή: | |
|---|---|
| Μορφή: | Βιβλίο |
| Γλώσσα: | English |
| Δημοσίευση: |
Genova :
International Labour Office,
c1991
|
| Έκδοση: | 9th ed. |
| Σειρά: | International labour bibliography ;
; 9 |
| Θέματα: | |
| Ετικέτες: |
Προσθήκη ετικέτας
Δεν υπάρχουν, Καταχωρήστε ετικέτα πρώτοι!
|
MARC
| LEADER | 00000nam a2200000 i 4500 | ||
|---|---|---|---|
| 001 | 1/24813 | ||
| 008 | 981202s1991 eng d | ||
| 020 | |a 92-2-107746-2 | ||
| 035 | |l 10037180 | ||
| 040 | |a GR-MY-UA |b gre |e aacr | ||
| 041 | 0 | |a eng | |
| 082 | 0 | |a 016.331 | |
| 110 | 1 | |a World Employment Programme. | |
| 245 | 1 | 0 | |a Bibliography of published research of the World Employment Programme |
| 250 | |a 9th ed. | ||
| 260 | |a Genova : |b International Labour Office, |c c1991 | ||
| 300 | |a 129 p. | ||
| 490 | 1 | |a International labour bibliography |v ; 9 | |
| 504 | |a Includes index | ||
| 650 | 0 | 0 | |a Unemployment |x Bibliography |x Periodicals. |
| 650 | 0 | 0 | |a Full employment policies |x Bibliography |x Periodicals. |
| 650 | 0 | 0 | |a Employment stabilization |x Bibliography |x Periodicals. |
| 650 | 0 | 0 | |a Migrant labor |x Bibliography |x Periodicals. |
| 650 | 0 | 0 | |a Labor market |x Bibliography |x Periodicals. |
| 830 | 0 | |a International labour bibliography ; |v ; 9 | |
| 852 | |a INST |b LESVOS |e 19981202 |h 016.331 BIB |p 005100017058 |q 005100017058 |t BK |y 0 | ||
| 901 | |a BIBL-1999-1 | ||
| 909 | |a Λ |b 060769 | ||
| 922 | |a 1ΕΛΗ |b 199811 |c ΚΠΣ/ΤΚ |d ΠΑΠΑΣΩΤΗΡΙΟΥ | ||
| 950 | |a 103-1998-07-27 | ||